000
00320nam a2200109Ia 4500
008
171211s9999 xx 000 0 und d
245
_a
Sicherheit Von Webanwendungen In Der Praxis
245
_c
Matthias Rohr
260
_c
2015
650
_x
Web Development
856
_u
http://down.ebook777.com/006/SicVonWebInDerPra.pdf
999
_c
350119
_d
350119